000 00739nam a2200229 i 4500
003 DO-SdBNP
005 20250624095821.0
007 ta
008 240903b1998 dr abc|| |||| 00| 0 spa d
020 _a8484002497
040 _aDO-SdBNP
_bspa
_cBNPHU
_erda
082 4 _bZ18C
_222
100 1 _aZaglul, Antonio,
_d1920-1996
_eautor
_4aut.
_969657
245 1 0 _aCiencia & humildad :
_bbiografía Dr. Miguel F. Canela /
_cAntonio Zaglul ; prólogo, Ramón Canela E.
250 _aprimera edición
264 _aSanto Domingo :
_bEditora Taller,
_c@1998.
504 _aBibliografía : páginas 271-272
590 _aInventariado, 2024/BT
700 1 _aCanela E., Ramón,
_eprologista
_4pról.
_986505
910 _aBtavárez
942 _2ddc
_cLBS1
999 _c57613
_d57613